LEADER 01098nam a2200265 i 4500 001 991001196519707536 008 050625s2004 gw a b 001 0 eng d 020 $a3527404325 035 $ab13335042-39ule_inst 040 $aDip.to Ingegneria dell'Innovazione$beng 082 0 $a548.9$222 245 00$aPhotonic crystals :$badvances in design, fabrication, and characterization /$cedited by K. Busch ... [et al.] 260 $aWeinheim :$bWiley-VCH,$cc2004 300 $axxvi, 354 p. :$bill. ;$c25 cm 504 $aIncludes bibliographical references and index 650 4$aPhotons 650 4$aCrystal optics 700 1 $aBusch, Kurt 856 41$3Table of contents$uhttp://www.loc.gov/catdir/toc/wiley041/2004436612.html$zTable of Contents 907 $a.b13335042$b12-10-12$c01-09-05 912 $a991001196519707536 945 $aLE026 548.9 BUS 01.01 2004$g1$i2026000024325$lle026$nProf. De Vittorio / Biblioteca$op$pE130.49$q-$rl$s- $t4$u1$v2$w1$x0$y.i14123071$z07-09-05 996 $aPhotonic crystals$9239938 997 $aUNISALENTO 998 $ale026$b25-06-05$cm$da $e-$feng$ggw $h0$i0